000 01273nam a22003737a 4500
003 CHAP
005 20220329134222.0
008 971013s1986 r 00010 d
010 _a17144
011 _a18116
035 _a22200
040 _cCHAP
090 _aTesis
100 0 0 _aJiménez Gerónimo, Magnolia.
_961522
245 _aEfecto de la inoculación de Azospirillum sp. en dos variedades de trigo, realizada a nivel invernadero
260 _aMéxico, D.F., :
_bEl autor,
_c1986
300 _a74 h
502 _aTesis (Ing. Químico Farmaceútico Biólogo) -- UNAM. Facultad de Química
590 _aALEPH
_b10
_c20130110
_lUCH01
_h1240
590 _aBATCH-UPD
_b10
_c20130110
_lUCH01
_h1410
590 _aBATCH-UPD
_b10
_c20130410
_lUCH01
_h0857
590 _aBATCH-UPD
_b10
_c20130914
_lUCH01
_h0508
590 _aBATCH-UPD
_b10
_c20130914
_lUCH01
_h2053
590 _aCONVERSION
_b10
_c20130109
_lUCH01
_h1311
650 1 4 _aAzospirillum.
_99126
650 1 4 _aBacterias nitrificantes.
_99327
650 1 4 _aCultivos en invernadero.
_930376
650 1 4 _aNitrógeno
_xFijación.
_981472
650 1 4 _aTrigo
_xInoculación.
_9115045
650 1 4 _aTrigo
_xVariedades.
_9115119
901 _aBK
942 _cTESIS
949 _bBC
_cTES
_d-51983
_eTS1
_h18281
_i22200
_si
999 _c17144
_d17144